Catálogo
 En Linea

La biblioteca Pública : (Registro nro. 23430)

Detalles MARC
000 -CABECERA
campo de control de longitud fija 00939nam a2200277 a 4500
001 - NÚMERO DE CONTROL
campo de control 000023934
003 - IDENTIFICADOR DEL NÚMERO DE CONTROL
campo de control DO-SdBNP
005 - FECHA Y HORA DE LA ÚLTIMA TRANSACCIÓN
campo de control 20230207133152.0
007 - CAMPO FIJO DE DESCRIPCIÓN FÍSICA--INFORMACIÓN GENERAL
campo de control de longitud fija ta
008 - DATOS DE LONGITUD FIJA--INFORMACIÓN GENERAL
campo de control de longitud fija 110117s2010 dr a c 000 0 spa d
020 ## - NÚMERO INTERNACIONAL ESTÁNDAR DEL LIBRO
Número Internacional Estándar del Libro 9789945460735
040 ## - FUENTE DE LA CATALOGACIÓN
Centro catalogador/agencia de origen DO-SdBNP
Lengua de catalogación spa
Centro/agencia transcriptor BNPHU
082 ## - NÚMERO DE LA CLASIFICACIÓN DECIMAL DEWEY
Número de clasificación 027.4
Número de documento/Ítem D946b
Número de edición 22
100 1# - ENTRADA PRINCIPAL--NOMBRE DE PERSONA
Nombre de persona Duque Bernal, María del Socorro
9 (RLIN) 49239
245 13 - MENCIÓN DE TÍTULO
Título La biblioteca Pública :
Resto del título un espacio de encuentro con la comunidad /
Mención de responsabilidad, etc. María del Socorro Duque Bernal.
260 ## - PUBLICACIÓN, DISTRIBUCIÓN, ETC.
Lugar de publicación, distribución, etc. Santo Domingo :
Nombre del editor, distribuidor, etc. Santuario,
Fecha de publicación, distribución, etc. 2010.
300 ## - DESCRIPCIÓN FÍSICA
Extensión 63 p. :
Otras características físicas il. ;
Dimensiones 21 cm.
500 ## - NOTA GENERAL
Nota general Incluye datos biográficos de la autora en las solapas
504 ## - NOTA DE BIBLIOGRAFÍA, ETC.
Nota de bibliografía, etc. Incluye referencias bibliográficas y notas al pie de las páginas
504 ## - NOTA DE BIBLIOGRAFÍA, ETC.
Nota de bibliografía, etc. Bibliografía : p. 61-63
590 ## - NOTA LOCAL (RLIN)
Nota local Inventariado, 2023 / DG
650 #4 - PUNTO DE ACCESO ADICIONAL DE MATERIA--TÉRMINO DE MATERIA
Término de materia o nombre geográfico como elemento de entrada Bibliotecas públicas
9 (RLIN) 43212
650 #4 - PUNTO DE ACCESO ADICIONAL DE MATERIA--TÉRMINO DE MATERIA
Término de materia o nombre geográfico como elemento de entrada Administración de bibliotecas
9 (RLIN) 48383
910 ## - DATOS DE OPCIÓN DEL USUARIO (OCLC)
Datos de opción del usuario DG
942 ## - ELEMENTOS DE PUNTO DE ACCESO ADICIONAL (KOHA)
Fuente del sistema de clasificación o colocación Dewey Decimal Classification
Tipo de ítem Koha Libro
Existencias
Estado de retiro Estado de pérdida No para préstamo Código de colección Localización permanente Ubicación/localización actual Ubicación en estantería Fecha de adquisición Número de inventario Total de préstamos Signatura topográfica completa Código de barras Fecha visto por última vez Número de copia Precio válido a partir de Tipo de ítem Koha Restricciones de uso Fuente del sistema de clasificación o colocación
      Dominicana de Servicio Biblioteca Nacional Pedro Henríquez Ureña Biblioteca Nacional Pedro Henríquez Ureña En catalogación 07.02.2023     BNPHU DS 027.4 D946b 2023-0739 07.02.2023 e.5 07.02.2023 Libro Préstamo en sala Dewey Decimal Classification
    Excluido de préstamo Dominicana de Servicio General General Depósito 17.01.2011 LF1   027.4 D946b 23934-30 25.06.2020 e. 3 25.06.2020 Libro y Folleto Colección Dominicana de Servicio    
      Dominicana de Servicio General General Depósito 15.05.2018 LF1   027.4 D946b 23934-40 25.06.2020 e, 4 25.06.2020 Libro y Folleto Colección Dominicana de Servicio    
    Excluido de préstamo Patrimonio Dominicano Patrimonio Dominicano Patrimonio Dominicano Depósito 17.01.2011 LF1   027.4 D946b 23934-10 25.06.2020   25.06.2020 Libro y Folleto Colección Patrimonio Dominicano    
    Excluido de préstamo Patrimonio Dominicano Patrimonio Dominicano Patrimonio Dominicano Depósito 17.01.2011 LF1   027.4 D946b 23934-20 25.06.2020 e. 2 25.06.2020 Libro y Folleto Colección Patrimonio Dominicano    

Con tecnología Koha